LEADER 01124nas 2200361-- 450 001 9910209456803321 005 20230120001718.0 035 $a(CKB)954928579809 035 $a(CONSER)---66088379- 035 $a(EXLCZ)99954928579809 100 $a20751101b19621993 --- - 101 0 $aeng 181 $ctxt$2rdacontent 200 00$aTelecommunication journal 210 $aGeneva$cInternational Telecommunication Union 215 $a1 online resource 311 $aPrint version: Telecommunication journal. (DLC) 66088379 (OCoLC)1779312 0497-137X 531 $aTELECOMMUN J 531 0 $aTelecommun. j. 606 $aTelecommunication$vPeriodicals 606 $aTelecommunication$2fast$3(OCoLC)fst01145830 606 $aTelecommunicatie$2gtt 608 $aPeriodicals.$2fast 615 0$aTelecommunication 615 7$aTelecommunication. 615 17$aTelecommunicatie. 676 $a384/.05 712 02$aInternational Telecommunication Union. 906 $aJOURNAL 912 $a9910209456803321 920 $aexl_impl conversion 996 $aTelecommunication journal$92582201 997 $aUNINA